000 00420nam a2200181Ia 4500
001 1634
005 20260306143742.0
008 260306t2009||||xx |||||||||||||| ||spa||
041 _aESP
082 _a153.9
_bB81
100 _aBradberry, Travis
_eAUT
245 0 _aEmotional intelligence 2.0
260 _c2009
300 _a255 páginas :
_c18.5 cm.
650 _aGEN
654 _aCPS
942 _cLIB
_dJUS
_fJUS
_2ddc
_n
999 _c1634
_d1634